000 00248nam a2200097Ia 4500
008 170620s9999 xx 000 0 und d
100 _aDhul-Devendra Singh
245 0 _aShirir Rachna Kriya Vigyan Mans-Peshi
260 _bNew delhi.Friends Pub
260 _c1998
300 _a251
999 _c27848
_d27848